Statistics for Guess that NFL players team?

Click here to take the quiz!

General Stats

  • This quiz has been taken 291 times
  • The average score is 19 of 24

Answer Stats

PlayerAnswer% Correct
Jim BrownCleveland Browns
91%
Tom BradyNew England Patriots
90%
Michael IrvinDallas Cowboys
89%
Emmitt SmithDallas Cowboys
89%
Ray LewisBaltimore Ravens
88%
Dan MarinoMiami Dolphins
88%
Lawrence TaylorNew York Giants
88%
John ElwayDenver Broncos
87%
Walter PaytonChicago Bears
86%
Barry SandersDetroit Lions
86%
Joe MontanaSan Francisco 49ers
86%
Jerry RiceSan Francisco 49ers
86%
Ronnie LottSan Francisco 49ers
86%
Terrell OwensSan Francisco 49ers
86%
Michael VickAtlanta Falcons
83%
Bart StarrGreen Bay Packers
81%
Reggie WhiteGreen Bay Packers
81%
"Mean"Joe GreenePittsburgh Steelers
80%
Terry BradshawPittsburgh Steelers
80%
Adam VinatieriIndianapolis Colts
70%
Marcus AllenOakland Raiders
66%
Anthony MunozCincinnati Bengals
56%
David"Deacon"JonesLos Angeles Rams
46%
Dick"Night Train"LaneLos Angeles Rams
46%

Score Distribution

Percentile by Number Answered

Percent of People with Each Score

Your Score History

You have not taken this quiz